00000000nam##2200000za#4500
0019.647253
003CaOODSP
00520200330131322
007ta
008150407|1999||||xxc|||||     f|0| 0 eng|d
040 |aCaOODSP|beng
043 |an-cn---
0861 |aSN3-324/1999E
1101 |aCanada.|bNational Library of Canada.
24514|aThe Otto Joachim fonds : |bnumerical list / |cby Stéphane Jean. Issued by the Music Division.
260 |aOttawa - Ontario : |bNational Library of Canada |c1999.
300 |a56p. : |billus. ; |c28 cm.
563 |aSpiral binding
590 |a00-06|b2000-02-11
69007|aMusic|2gcpds
7201 |aJean, Stéphane
77508|tLe fonds Otto-Joachim : |w(CaOODSP)9.680683
7760#|tThe Otto Joachim fonds : |w(CaOODSP)9.695948